000 00960nam a2200289 a 4500
999 _c24348
_d24348
001 1495640
005 20170128113255.0
008 880426s1989 maua b 001 0 eng
010 _a 88081344
020 _a0395369134
050 0 0 _aLC4704 .L48 1989
100 1 _aLerner, Janet W.
245 1 0 _aLearning disabilities :
_btheories, diagnosis, and teaching strategies /
_cJanet W. Lerner.
250 _a5th ed.
260 _aBoston :
_bHoughton Mifflin,
_cc1989.
300 _axii, 595 p. :
_bill. ;
_c24 cm.
500 _aIncludes index.
504 _aBibliography: p. 538-566.
650 0 _aLearning disabilities.
650 0 _aLearning disabled children
_xEducation.
942 _2lcc
_cBOOKS